000 00710nam a2200265 i 4500
001 C2-0318663
003 PPAK
005 20180728114548.0
008 121014s2010 my |||| ||||| | may d
020 _a9789675244780
040 _aPPAK
_beng
_cPPAK
_erda
082 0 4 _a899.233
_223
090 0 0 _a899.233
_bFAU
_dG
100 0 _aFauziah A.R.,
_eauthor
245 1 0 _aNilai kasih
264 1 _aSkudai, Johor :
_bPustaka Ewan ,
_c2010
300 _aiv, 92 pages ;
_c18 cm
336 _2rdacontent
_atext
337 _2rdamedia
_aunmediated
338 _2rdacarrier
_avolume
490 1 _aSiri novel jana integriti
650 1 0 _aMalay fiction.
830 0 _aSiri novel jana integriti
942 _ddc
_cB
999 _c119593
_d119593